<?xml version="1.0" encoding="UTF-8"?>
<record
    xmlns:xsi="http://www.w3.org/2001/XMLSchema-instance"
    xsi:schemaLocation="http://www.loc.gov/MARC21/slim http://www.loc.gov/standards/marcxml/schema/MARC21slim.xsd"
    xmlns="http://www.loc.gov/MARC21/slim">

  <leader>01927nam a2200277   4500</leader>
  <controlfield tag="001">429</controlfield>
  <controlfield tag="003">OSt</controlfield>
  <controlfield tag="005">20250624112800.0</controlfield>
  <controlfield tag="008">250624b        |||||||g |||| 00| e eng d</controlfield>
  <datafield tag="020" ind1=" " ind2=" ">
    <subfield code="a">9788543104508</subfield>
  </datafield>
  <datafield tag="040" ind1=" " ind2=" ">
    <subfield code="b">por</subfield>
  </datafield>
  <datafield tag="041" ind1=" " ind2=" ">
    <subfield code="h">por</subfield>
  </datafield>
  <datafield tag="082" ind1=" " ind2=" ">
    <subfield code="a">158.1</subfield>
    <subfield code="b">P925p</subfield>
  </datafield>
  <datafield tag="100" ind1="1" ind2=" ">
    <subfield code="a">Prem Baba, Sri</subfield>
    <subfield code="d">1965-</subfield>
    <subfield code="9">929</subfield>
  </datafield>
  <datafield tag="245" ind1=" " ind2=" ">
    <subfield code="a">Prop&#xF3;sito - </subfield>
    <subfield code="b">A coragem de ser quem somos / </subfield>
    <subfield code="c">Prem Baba, Sri ;</subfield>
  </datafield>
  <datafield tag="260" ind1=" " ind2=" ">
    <subfield code="a">Rio de Janeiro</subfield>
    <subfield code="b">Sextante</subfield>
    <subfield code="c">2016</subfield>
  </datafield>
  <datafield tag="300" ind1=" " ind2=" ">
    <subfield code="a">156 p.</subfield>
  </datafield>
  <datafield tag="500" ind1=" " ind2=" ">
    <subfield code="a">Em Prop&#xF3;sito, Sri Prem Baba expande o di&#xE1;logo amoroso a que sempre se prop&#xF4;s, abordando temas que t&#xEA;m a ver com os anseios mais &#xED;ntimos do ser humano.

Aqui o leitor vai vislumbrar o horizonte de um trajeto precioso que o levar&#xE1; ao interior de si mesmo. Quando chegar ao seu destino, encontrar&#xE1; o Prop&#xF3;sito de sua exist&#xEA;ncia. Essa viagem ser&#xE1; vigorosa, transformadora e &#xFA;nica, mas poder&#xE1; ser realizada com serenidade.


Por que existimos? Qual &#xE9; a nossa miss&#xE3;o durante esta vida?

Sri Prem Baba &#xE9; um mestre em ensinar o caminho do amor que renova os fundamentos da exist&#xEA;ncia e pode alterar os rumos da vida pessoal e coletiva. O l&#xED;der humanit&#xE1;rio afirma que &#x201C;n&#xE3;o somos uma gota d&#x2019;&#xE1;gua no oceano&#x201D;, pois &#x201C;o amor nos faz ser o pr&#xF3;prio oceano&#x201D;. Tamb&#xE9;m explica que a paisagem interna dever&#xE1; ser esquadrinhada para que possamos discernir amorosamente qual &#xE9; o nosso papel no mundo.

O livro est&#xE1; dividido em sete partes. Ao longo das seis primeiras, que tratam do nascimento &#xE0; transcend&#xEA;ncia, o leitor encontrar&#xE1; as coordenadas para fazer a pr&#xF3;pria viagem interior. Na s&#xE9;tima, aprender&#xE1; as chaves pr&#xE1;ticas que v&#xE3;o guiar suas descobertas rumo ao despertar do amor.</subfield>
  </datafield>
  <datafield tag="650" ind1=" " ind2="0">
    <subfield code="a">Literatura Brasileira</subfield>
    <subfield code="9">205</subfield>
  </datafield>
  <datafield tag="650" ind1=" " ind2="0">
    <subfield code="a">Desenvolvimento Pessoal</subfield>
    <subfield code="9">546</subfield>
  </datafield>
  <datafield tag="650" ind1=" " ind2="0">
    <subfield code="a">Autoajuda</subfield>
    <subfield code="9">755</subfield>
  </datafield>
  <datafield tag="650" ind1=" " ind2="0">
    <subfield code="a">Espiritualidade</subfield>
    <subfield code="9">16</subfield>
  </datafield>
  <datafield tag="650" ind1=" " ind2="0">
    <subfield code="a">Yoga</subfield>
    <subfield code="9">930</subfield>
  </datafield>
  <datafield tag="655" ind1=" " ind2="0">
    <subfield code="a">N&#xE3;o Fic&#xE7;&#xE3;o</subfield>
    <subfield code="9">102</subfield>
  </datafield>
  <datafield tag="942" ind1=" " ind2=" ">
    <subfield code="2">ddc</subfield>
    <subfield code="n">0</subfield>
    <subfield code="c">BK</subfield>
  </datafield>
  <datafield tag="952" ind1=" " ind2=" ">
    <subfield code="0">0</subfield>
    <subfield code="1">0</subfield>
    <subfield code="2">ddc</subfield>
    <subfield code="4">0</subfield>
    <subfield code="7">0</subfield>
    <subfield code="8">NFIC</subfield>
    <subfield code="a">BIBIB</subfield>
    <subfield code="b">BIBIB</subfield>
    <subfield code="c">AU</subfield>
    <subfield code="d">2025-06-24</subfield>
    <subfield code="e">doa&#xE7;&#xE3;o</subfield>
    <subfield code="l">0</subfield>
    <subfield code="o">158.1 / P925p</subfield>
    <subfield code="p">2025-17360</subfield>
    <subfield code="r">2025-06-24 09:34:49</subfield>
    <subfield code="w">2025-06-24</subfield>
    <subfield code="y">BK</subfield>
  </datafield>
  <datafield tag="999" ind1=" " ind2=" ">
    <subfield code="c">429</subfield>
    <subfield code="d">429</subfield>
  </datafield>
</record>
